LEADER 01105nam a2200241 i 4500 001 000000172165 003 CaOOAMICUS 005 20080529000000.0 008 080529s1965 it u000 u ita u 013 $a149604 040 $aSeMil$bita 100 1 $aSmollet, Tobias George,$d<1721-1771>.$0(OLS)http://semarc/name/36759 245 13$aLe avventure di Roderick Random /$cTobias Smollett ; A cura di Decio Pettoello. 246 03$iTitolo originale:$aThe Adventures of Roderick Random 260 $aTorino :$bUnione Tipografico-Editrice Torinese,$cstampa 1965. 300 $a627 p., [1] p. di ritratto ;$c19 cm. 500 $aContiene : Bibliografia. 700 1 $aPettoello, Decio,$d<1886-1984>.$0(OLS)http://semarc/name/8835 850 $aSeMil 852 $aSeMil$W1$xVenegono$y1$m1W III 108$j123027$B123027$CSeMilBibl$Z2$F134310 $81 996 $6245$aLe avventure di Roderick Random$9(OLS)http://semarc/title/246480 996 $6246$aThe Adventures of Roderick Random$9(OLS)http://semarc/title/246481 996 $6260$aTorino :$bUnione Tipografico-Editrice Torinese$9(OLS)http://semarc/publisher/29628 LEADER 01270nam a2200229 i 4500 001 000000039412 003 CaOOAMICUS 005 20230921122912.0 008 931231n it u000 u ita u 040 $aSeMil$bita 100 1 $aCajani, Franco,$d<1943- >.$0(OLS)http://semarc/name/7141 245 13$aLa torre del Barbarossa a Seregno :$bcampanile millenario della Chiesa di San Vittore Martire e della Collegiata di San Giuseppe : alcune considerazioni storiche... 650 4$aSeregno - Chiese - Basilica collegiata di San Giuseppe.$0(OLS)http://semarc/subject/12203 650 4$aSeregno - Chiese - San Vittore (ex).$0(OLS)http://semarc/subject/54440 650 4$aSeregno - Torre del Barbarossa.$0(OLS)http://semarc/subject/54439 700 1 $aBarbanti, Domenico.$0(OLS)http://semarc/name/19111 700 1 $aCabiati, Ottavio <1889-1956>.$0(OLS)http://semarc/name/19110 850 $aSeMil 852 $aSeMil$W1$xVenegono$y1$m3P VI 201$j5567$B5567$CSeMilBibl$Z2$F5567 $81 961 $aOmaggio: Martini Card. Carlo Maria 996 $6245$aLa torre del Barbarossa a Seregno :$bcampanile millenario della Chiesa di San Vittore Martire e della Collegiata di San Giuseppe : alcune considerazioni storiche...$9(OLS)http://semarc/title/56108